|
|
|
|
| LEADER |
02001nam a2200541 i 4500 |
| 001 |
nkc20203233235 |
| 003 |
CZ PrNK |
| 005 |
20210608135849.0 |
| 007 |
ta |
| 008 |
200630s2020 xr a f 000 0 cze |
| 015 |
|
|
|a cnb003233235
|
| 020 |
|
|
|a 978-80-907809-1-0
|q (brožováno)
|
| 035 |
|
|
|a (OCoLC)1200258059
|
| 040 |
|
|
|a ABA001
|b cze
|e rda
|
| 072 |
|
7 |
|a 37
|x Výchova a vzdělávání
|2 Konspekt
|9 22
|
| 080 |
|
|
|a 37.03
|2 MRF
|
| 080 |
|
|
|a 331.546
|2 MRF
|
| 080 |
|
|
|a 37.016
|2 MRF
|
| 080 |
|
|
|a 37.0-022.324
|2 MRF
|
| 080 |
|
|
|a 005.95/.96
|2 MRF
|
| 080 |
|
|
|a (048.8)
|2 MRF
|
| 100 |
1 |
|
|a Veteška, Jaroslav,
|d 1973-
|7 xx0022822
|4 aut
|
| 245 |
1 |
0 |
|a Kompetence ve vzdělávání a strategie profesního rozvoje /
|c Jaroslav Veteška, Michaela Tureckiová
|
| 250 |
|
|
|a První vydání
|
| 264 |
|
1 |
|a Praha :
|b Česká andragogická společnost, z.s.,
|c 2020
|
| 300 |
|
|
|a 178 stran :
|b ilustrace ;
|c 23 cm
|
| 336 |
|
|
|a text
|b txt
|2 rdacontent
|
| 337 |
|
|
|a bez média
|b n
|2 rdamedia
|
| 338 |
|
|
|a svazek
|b nc
|2 rdacarrier
|
| 504 |
|
|
|a Obsahuje bibliografii a bibliografické odkazy
|
| 650 |
0 |
7 |
|a klíčové kompetence
|7 ph165772
|2 czenas
|
| 650 |
0 |
7 |
|a profesní kompetence
|7 ph136580
|2 czenas
|
| 650 |
0 |
7 |
|a kurikulum
|7 ph115039
|2 czenas
|
| 650 |
0 |
7 |
|a celoživotní vzdělávání
|7 ph119091
|2 czenas
|
| 650 |
0 |
7 |
|a personální management
|7 ph115721
|2 czenas
|
| 650 |
0 |
9 |
|a key competencies
|2 eczenas
|
| 650 |
0 |
9 |
|a vocational qualifications
|2 eczenas
|
| 650 |
0 |
9 |
|a curriculum
|2 eczenas
|
| 650 |
0 |
9 |
|a permanent education
|2 eczenas
|
| 650 |
0 |
9 |
|a personnel management
|2 eczenas
|
| 655 |
|
7 |
|a monografie
|7 fd132842
|2 czenas
|
| 655 |
|
9 |
|a monographs
|2 eczenas
|
| 700 |
1 |
|
|a Tureckiová, Michaela
|7 xx0022818
|4 aut
|
| 910 |
2 |
|
|a BOA001
|b 2-1459.381
|
| 990 |
|
|
|a BK
|
| 995 |
|
|
|a 01
|
| 996 |
6 |
|
|b 2610854416
|c 2-1459.381
|l MZK
|r Sklad / do 1 hodiny
|n 12
|p p.v.
|w 001841293
|u 000010
|a 1
|e BOA001
|j MZK50
|s P
|
| 996 |
7 |
|
|b 2610870417
|c 2-1459.381
|l Vol.výběr
|r VV 0p
|n 16
|p kup
|h 374 VET
|w 001841293
|u 000020
|a 0
|e BOA001
|j MZK50
|s A
|